banner-ar

حقوق الطفل بين المنظور الاسلامى و المواثيق الدولية \ (Record no. 62582)

MARC details
000 -الفاتح
حقل البيانات ثابتة الطول 00879nam a22002057a 4500
005 - وقت وتاريخ اخر تعامل مع التسجيلة
رقم الضبط 20240530110557.0
008 - عناصر البيانات ثابتة الطول - معلومات عامة
حقل البيانات ثابتة الطول 160315s2013 ua g 000 0 ara d
017 ## - رقم الايداع القانونى
رقم الايداع القانونى 98/2336
المصدر ( الهيئة المختصة) مصر . دار الكتب المصرية
020 ## - الرقم الدولى المعيارى للكتب
الرقم الدولى المعيارى للكتاب 9770515965
040 ## - مصدر الفهرسة
وكالة الفهرسة الأصلية EG-CaGPL
082 04 - رقم تصنيف ديوى العشرى
رقم الطبعة 21
رقم التصنيف 323.352\
رقم المادة هـ ح
100 0# - المدخل الرئيسى - إسم شخصى
الإسم الشخصى هدى محمد قناوى
245 10 - بيان العنوان
العنوان حقوق الطفل بين المنظور الاسلامى و المواثيق الدولية \
بيان المسئوليه,etc تاليف هدى محمد قناوى ، محمد محمد على قريش
رقم الجزء/قسم العمل الجزء الاول
260 ## - PUBLICATION, DISTRIBUTION, ETC. (IMPRINT)
تاريخ النشر أو التوزيع 2013 .
300 ## - الوصف المادى
التعداد 126 ص ؛
أبعاد الوعاء 24 سم .
650 04 - المدخل الاضافى بالموضوع-مصطلح موضوعى
مصطلح موضوعي الاسلام و حقوق الطفل
700 0# - المدخل الاضافى - اسم شخصى
الإسم الشخصى محمد محمد على قريش
الدور مؤلف مشارك
942 ## - عناصر المدخل الإضافي( كوها)
مصدر التصنيف او مخطط الترفيف Dewey Decimal Classification
Koha [default] item type كتاب
260 ## - PUBLICATION, DISTRIBUTION, ETC. (IMPRINT)
-- القاهرة :
-- مكتبة الانجلو المصرية ،
Holdings
حالة التراجع حالة الفقد حالة تلف ليس للاعارة المكان المؤقت الموقع الحالى تاريخ الاكتساب اجمالي اﻻعارات رقم الطلب الباركود تاريخ اخر مشاهدة تاريخ تفعيل السعر نوع وعاء كوها
        مكتبة القاهرة الكبرى مكتبة القاهرة الكبرى 08/31/2016   323.352\ هـ ح 162354 08/31/2016 08/31/2016 كتاب

Powered By

EGPV